LEADER 07549nam 22016695 450 001 9910154742403321 005 20190708092533.0 010 $a1-4008-8207-9 024 7 $a10.1515/9781400882076 035 $a(CKB)3710000000631397 035 $a(MiAaPQ)EBC4738667 035 $a(DE-B1597)467955 035 $a(OCoLC)979759958 035 $a(DE-B1597)9781400882076 035 $a(EXLCZ)993710000000631397 100 $a20190708d2016 fg 101 0 $aeng 135 $aurcnu|||||||| 181 $2rdacontent 182 $2rdamedia 183 $2rdacarrier 200 00$aTopology Seminar Wisconsin, 1965. (AM-60), Volume 60 /$fR. H. Bing, Ralph J. Bean 210 1$aPrinceton, NJ : $cPrinceton University Press, $d[2016] 210 4$d©1967 215 $a1 online resource (261 pages) $cillustrations 225 0 $aAnnals of Mathematics Studies ;$v333 311 $a0-691-08056-9 327 $tFrontmatter -- $tCONTENTS -- $tPREFACE -- $tCHAPTER I: 3 -MANIFOLDS -- $tMONOTONE DECOMPOSITIONS OF E3 / $rArmentrout, Steve -- $tEQUIVALENT DECOMPOSITIONS OF E3 / $rArmentrout, Steve / Lininger, Lloyd L. / Meyer, Donald V. -- $tANOTHER DECOMPOSITION OP E3 INTO POINTS AND INTERVALS / $rMcAuley, Louis F. -- $tCRUMPLED CUBES / $rLininger, L. -- $tSEWINGS OF CRUMPLED CUBES WHICH DO NOT YIELD S3 / $rMartin, Joseph -- $tCANONICAL NEIGHBORHOODS IN THREE-MANIFOLDS / $rMcMillan, D. R. -- $tBOUNDARY LINKS / $rSmythe, N. -- $tSURFACES IN E3 / $rBurgess, C. E. -- $tADDITIONAL QUESTIONS ON 3-MANIFOLDS -- $tCHAPTER II: THE POINCARÉ CONJECTURE -- $tHOW NOT TO PROVE THE POINCARÉ CONJECTURE / $rStallings, John -- $tMAPPING A 3 -SPHERE ONTO A HOMOTOPY 3 -SPHERE / $rBing, R. H. -- $tCONCERNING FAKE CUBES / $rConnor, A. C. -- $tCHAPTER III -- $tON CERTAIN FIRST COUNTABLE SPACES / $rHeath, R. W. -- $tREMARKS ON THE NORMAL MOORE SPACE METRIZATION PROBLEM / $rJones, P. Burton -- $tTWO CONJECTURES IN POINT SET THEORY / $rYounglove, J. N. -- $tALMOST CONTINUOUS FUNCTIONS AND FUNCTIONS OF BAIRE CLASS 1 / $rThomas, E. S. -- $tCHAINABLE CONTINUA / $rFugate, J. B. -- $tTHE EXISTENCE OP A COMPLETE METRIC FOR A SPECIAL MAPPING SPACE AND SOME CONSEQUENCES / $rMcAuley, Louis F. -- $tFINITE DIMENSIONAL SUBSETS OF INFINITE DIMENSIONAL SPACES / $rHenderson, David W. -- $tTYPES OF ULTRAFILTERS / $rRudin, Mary Ellen -- $tADDITIONAL QUESTIONS ON ABSTRACT SPACES -- $tCHAPTER IV: N-MANIFOLDS -- $tTAMING POLYHEDRA IN THE TRIVIAL RANGE / $rBryant, John L. -- $tSOME NICE EMBEDDINGS IN THE TRIVIAL RANGE / $rDancis, Jerome -- $tAPPROXIMATIONS AND ISOTOPIES IN THE TRIVIAL RANGE / $rDancis, Jerome -- $tON A SPHERICAL EMBEDDINGS OF 2 -SPHERES IN THE 4-SPHERE / $rGiffen, Charles H. -- $tGEOMETRIC CHARACTERIZATION OP DIFFERENTIABLE MANIFOLDS IN EUCLIDEAN SPACE / $rGluck, Herman -- $tWHITEHEAD TORSION AND h-COBORDISM / $rSzczarba, R. H. -- $tADDITIONAL QUESTIONS ON N-MANIFOLDS -- $tCOMPLETELY REGULAR MAPPINGS, FIBER SPACES, THE WEAK BUNDLE PROPERTIES, AND THE GENERALIZED SLICING STRUCTURE PROPERTIES / $rMcAuley, Louis F. -- $tFIBER SPACES AND n-REGULARITY / $rMcAuley, L. F. / Tulley, P. A. -- $tFIBER SPACES WIT H TOTALLY PATHWISE DISCONNECTED FIBERS / $rUngar, Gerald S. -- $tSOME QUESTIONS IN THE THEORY OP NORMAL FIBER SPACES FOR TOPOLOGICAL MANIFOLDS / $rFadell, E. 330 $aDuring the summer of 1965, an informal seminar in geometric topology was held at the University of Wisconsin under the direction of Professor Bing. Twenty-five of these lectures are included in this study, among them Professor Bing's lecture describing the recent attacks of Haken and Poincaré on the Poincaré conjectures, and sketching a proof of Haken's main result. 410 0$aAnnals of mathematics studies ;$vno. 60. 606 $aTopology 610 $aAbstract algebra. 610 $aBranch point. 610 $aCantor set. 610 $aCartesian coordinate system. 610 $aCartesian product. 610 $aCharacteristic class. 610 $aCharacterization (mathematics). 610 $aCohomology. 610 $aCommutator subgroup. 610 $aCompactification (mathematics). 610 $aComplete metric space. 610 $aConjecture. 610 $aConnected space. 610 $aContinuous function (set theory). 610 $aContinuum hypothesis. 610 $aCountable set. 610 $aCube. 610 $aCyclic group. 610 $aDegeneracy (mathematics). 610 $aDehn's lemma. 610 $aDiagram (category theory). 610 $aDimension theory (algebra). 610 $aDimension. 610 $aDiscrete group. 610 $aDisk (mathematics). 610 $aEmbedding. 610 $aEpimorphism. 610 $aEquilateral triangle. 610 $aEquivalence class. 610 $aEquivalence relation. 610 $aEuclidean space. 610 $aExistential quantification. 610 $aFiber bundle. 610 $aFirst-countable space. 610 $aFixed-point property. 610 $aFunction (mathematics). 610 $aFundamental group. 610 $aGraph (discrete mathematics). 610 $aGraph of a function. 610 $aGrassmannian. 610 $aH-cobordism. 610 $aHausdorff distance. 610 $aHomeomorphism. 610 $aHomotopy group. 610 $aHomotopy. 610 $aHypercube. 610 $aHyperplane. 610 $aInclusion map. 610 $aInner automorphism. 610 $aIntersection (set theory). 610 $aInterval (mathematics). 610 $aInverse limit. 610 $aJordan curve theorem. 610 $aK-cell (mathematics). 610 $aKnot theory. 610 $aLexicographical order. 610 $aLimit ordinal. 610 $aLimit point. 610 $aLine (geometry). 610 $aLinear extension. 610 $aLoop theorem. 610 $aMathematical induction. 610 $aMean value theorem. 610 $aMetric space. 610 $aMetrization theorem. 610 $aModule (mathematics). 610 $aMoore space. 610 $aN-connected. 610 $aN-sphere. 610 $aNatural number. 610 $aNeighbourhood (mathematics). 610 $aNon-Euclidean geometry. 610 $aNormal subgroup. 610 $aOpen set. 610 $aOrder topology. 610 $aOrthogonal group. 610 $aP-adic number. 610 $aPoincaré conjecture. 610 $aPolyhedron. 610 $aProjection (linear algebra). 610 $aProjection (mathematics). 610 $aProjective line. 610 $aRectangle. 610 $aScientific notation. 610 $aSemi-locally simply connected. 610 $aSign (mathematics). 610 $aSimply connected space. 610 $aSpecial case. 610 $aSphere theorem (3-manifolds). 610 $aSubmanifold. 610 $aSubset. 610 $aSummation. 610 $aTangent space. 610 $aTheorem. 610 $aTopological graph. 610 $aTopological space. 610 $aTwo-dimensional space. 610 $aUltrafilter. 610 $aUnit interval. 610 $aUpper half-plane. 615 0$aTopology. 676 $a513.83 702 $aBean$b Ralph J., 702 $aBing$b R. H., 712 02$aUniversity of Wisconsin, 801 0$bDE-B1597 801 1$bDE-B1597 906 $aBOOK 912 $a9910154742403321 996 $aTopology Seminar Wisconsin, 1965. (AM-60), Volume 60$92785794 997 $aUNINA LEADER 02604nam 22005413a 450 001 9910149667503321 005 20250203235647.0 010 $a9783943423099 024 7 $a10.15460/HUP.MFW.15.144 035 $a(CKB)3790000000064240 035 $a(OAPEN)1002425 035 $a(ScCtBLL)dd3b9084-a7c2-43f0-bdd2-33b9187069e6 035 $a(OCoLC)1163808123 035 $a(oapen)doab29422 035 $a(EXLCZ)993790000000064240 100 $a20250203i20142020 uu 101 0 $ager 135 $auuuuu---auuuu 181 $ctxt$2rdacontent 182 $cc$2rdamedia 183 $acr$2rdacarrier 200 00$aHeinrich Freiherr von Ohlendorff. Ein Hamburger Kaufmann im Spiegel der Tagebücher seiner Ehefrau Elisabeth$fHans Joachim Schröder$hVolume 15.0 210 $aHamburg$cHamburg University Press$d2014 210 1$aHamburg :$cHamburg University Press,$d2014. 215 $a1 online resource (1 p.) 225 1 $aMäzene für Wissenschaft 311 08$a9783943423099 311 08$a3943423093 330 $aHeinrich von Ohlendorff became one of Hamburg's richest merchants by trading with Peru-Guano. Together with his wife Elisabeth he founded a family of twelve. In 1880, Elisabeth began to write her diary. Until her death she filled 45 obese notebooks with astonishing regularity. The approximately 20,000 pages provide exciting insights into the life of an up-and-coming family that is firmly integrated into the society of Hamburg's upper middle classes. The pages make it possible to portray Heinrich von Ohlendorff in the mirror of his wife's diaries. At the same time, it is possible to draw a fascinating panoramic picture of the "fine" Hamburg society at the beginning of the 20th century. This is the first biography of this merchant from Hamburg who was one of the donors of the Hamburg Scientific Foundation.Translated with www.DeepL.com/Translator 606 $aHistory$2bicssc 610 $a20th century 610 $adiary 610 $aDovenhof 610 $aElisabeth von Ohlendorff 610 $aFirma Ohlendorff & Co. 610 $aHamburg 19th century 610 $aHamburg Scientific Society 610 $aHeinrich von Ohlendorff 610 $aNorddeutsche Druckerei und Verlagsanstalt Berlin 610 $aOtto von Bismarck 615 7$aHistory 700 $aSchröder$b Hans Joachim$0967061 801 0$bScCtBLL 801 1$bScCtBLL 906 $aBOOK 912 $a9910149667503321 996 $aHeinrich Freiherr von Ohlendorff. Ein Hamburger Kaufmann im Spiegel der Tagebücher seiner Ehefrau Elisabeth$92252530 997 $aUNINA